Tablice Rejestracyjne Województwa Pomorskiego - Statystyki

Ogólne statystyki
  • Ten quiz został rozwiązany 206 razy
  • Średni wynik to 19 z 20
Statystyki odpowiedzi
Powiat Tablica Rejestracyjna % Poprawnych
chojnicki GCH
99%
Gdańsk GD
99%
gdański GDA
99%
kartuski GKA
99%
bytowski GBY
98%
człuchowski GCZ
98%
Słupsk GS
98%
kościerski GKS
96%
kwidzyński GKW
96%
lęborski GLE
96%
pucki GPU
96%
malborski GMB
95%
słupski GSL
95%
tczewski GTC
95%
wejherowski GWE | GWO
95%
Gdynia GA
94%
sztumski GSZ
94%
starogardzki GST
93%
nowodworski GND
92%
Sopot GSP
91%
Nie znaleziono quizów pasujących do podanych kryteriów
Rozkład punktacji
Procent ludzi z każdym wynikiem
Percentyl według liczby udzielonych odpowiedzi
Twoja historia wyników
Nie rozwiązałeś tego quizu